Biblioteca

Picasso and post : (Registro nro. 53772)

Detalles MARC
000 -LÍDER
Campo fijo de descripción fija 01145aas a2200229 4500
001 - NÚMERO DE CONTROL
Campo de control 768714001
003 - IDENTIFICADOR DEL NÚMERO DE CONTROL
Campo de control CO-MdFUSB
005 - FECHA Y HORA DE LA ULTIMA TRANSACCIÓN
control field 20171114103818.0
008 - ELEMENTOS DE LONGITUD FIJA -- INFORMACIÓN GENERAL
Campo fijo de descripción fija -- Información general 170804s1997 xxu||||| |||| 00| 0 eng d
022 ## - NÚMERO INTERNACIONAL NORMALIZADO PARA PUBLICACIONES SERIADAS
Número Internacional Normalizado para Publicaciones Seriadas 0098-9444
040 ## - FUENTE DE CATALOGACIÓN
Agencia Catalogadora CO-MdFUSB
Idioma de catalogación spa
Agencia que realiza la transcripción CO-MdFUSB
Agencia que realiza la modificación CO-MdFUSB
041 ## - CÓDIGO DE IDIOMA
Código de idioma para texto/pista de sonido o título separado spa
100 ## - ASIENTO PRINCIPAL--NOMBRE PERSONAL
Nombre personal Shanks, Hershel
Término relacionador autor
242 11 - TRADUCCIÓN DEL TÍTULO POR AGENCIA CATALOGADORA
Traducción del título Picasso y publicación :
Traducción del subtítulo ¿por qué está bien recolectar uno pero no el otro?
245 10 - TÍTULO
Título Picasso and post :
Subtitulo why is it all right to collect one but not the other?
Mención de responsabilidad / Hershel Shanks
300 ## - DESCRIPCIÓN FÍSICA
Extensión Volumen 23. Número 3 (1997), página 6
Dimensiones : 28 cm.
520 1# - NOTA DE RESUMEN, ETC.
Nota de sumario, etc. ¿Debe una pintura picasso importante estar en una colección privada? ¿No es un elemento importante de nuestro patrimonio artístico? ¿No debería pertenecernos a todos nosotros, apreciar un disfrute y aprender de, en lugar de pertenecer a un único individuo privado? En resumen, ¿no debería estar en un museo público?
546 ## - NOTA DE IDIOMA
Nota de idioma Texto en inglés
650 #7 - ASIENTO SECUNDARIO DE MATERIA - TERMINO TEMÁTICO
9 (RLIN) 403
Término temático o nombre geográfico como elemento de entrada Excavaciones arqueológicas
773 0# - ASIENTO DE ITEM FUENTE
Título Biblical Archaeology Review
Biblionumber 49395
Itemnumber 59490
Parte(s) relacionada(s) / Volumen., número. (mes año), páginas Volumen 23. Número 3 (1997), página 6
Enumeración y primera página Página 6
942 ## - TIPO DE MATERIAL (KOHA)
Tipo de Item KOHA Artículos de Revista
Existencias
Expurgo - (Retirado) Estado de Perdido Estado de Dañado No prestable Colección Ubicación habitual Ubicación actual Fecha de Adquisición Signatura Topográfica Tipo de Material
        Colección de Hemeroteca Biblioteca FUSBC Biblioteca FUSBC 26/01/2016 Artículos de Revista

Biblioteca FUSBC | Teléfono: (57+4) 349 88 10 Ext. 141| WhatsApp (+57) 3005338115 
E-mail: biblioteca@unisbc.edu.co | Calle 76 87-14 Robledo Palenque, Medellín, Colombia

Con tecnología Koha